000 00261nam a22001097a 4500
008 170120b xxu||||| |||| 00| 0 eng d
020 _a9781416043928
041 _aeng
080 _24TH
_a618.2
245 _aADANCED PRACTICE NURSING
_cHAMRICM A.B
942 _2udc
_cBK
999 _c3276
_d3276